Intellectual property management in health and agricultural innovation : a handbook of best practices

Spremljeno u:
Bibliografski detalji
Format: Knjiga
Jezik:Undetermined
Izdano: Oxford,Davis, CA MIHR,PIPRA 2007
Teme:
Oznake: Dodaj oznaku
Bez oznaka, Budi prvi tko označuje ovaj zapis!
Thư viện lưu trữ: Trung tâm Học liệu Trường Đại học Cần Thơ
LEADER 00709nam a2200181Ia 4500
001 CTU_137774
008 210402s9999 xx 000 0 und d
082 |a 346.048 
082 |b I.61 
245 0 |a Intellectual property management in health and agricultural innovation : 
245 2 |b a handbook of best practices 
245 0 |c edited by Anatole Krattiger ... [et al.] 
260 |a Oxford,Davis, CA 
260 |b MIHR,PIPRA 
260 |c 2007 
650 |a Biotechnology,Intellectual capital,Technological innovations,Biotechnology industries,Công nghệ sinh học 
650 |x Patents,Management,Management,Law and legislation,Phát minh 
980 |a Trung tâm Học liệu Trường Đại học Cần Thơ